Movies Quiz

Random Movies or Actor Quiz

Man Movies Quiz Stats

 Plays Quiz not verified by Sporcle

Challenge
Share
Tweet
Embed
Score 0/34 Timer 10:00
0 Plays Today
Year Movie % Correct
2002Spider-Man
80.9%
2008Iron Man
79.7%
2009I Love You, Man
73.4%
2008Yes Man
60.2%
2004Man on Fire
55.5%
2004Anchorman: The Legend of Ron Burgundy
55.5%
1988Rain Man
54.7%
1987The Running Man
36.7%
1998The Man in the Iron Mask
35.5%
2006Inside Man
34%
1995Dead Man
31.6%
2005Cinderella Man
28.5%
1999Man on the Moon
28.1%
1995Dead Man Walking
27.3%
2000Hollow Man
27.3%
1974The Man With the Golden Gun
27%
1993Demolition Man
25%
Year Movie % Correct
1976Marathon Man
22.7%
1999Bicentennial Man
22.7%
1993The Man Without a Face
19.9%
1973The Wicker Man
19.5%
1980The Elephant Man
18.8%
1956The Man Who Knew Too Much
18.4%
1966A Man for All Seasons
17.6%
1952The Quiet Man
15.6%
1984Repo Man
14.5%
2009A Serious Man
13.7%
2000The Family Man
13.3%
1970Little Big Man
12.9%
1986Manhunter
12.5%
2001The Man Who Wasn't There
10.9%
1996Last Man Standing
10.5%
1962The Music Man
8.2%
1987Mannequin
7%

You're not logged in!

Compare scores with friends on all Sporcle quizzes.
OR
Log In

You Might Also Like...

Show Comments

Extras

Created Dec 18, 2009SourceReportNominate
Tags:Actor Quiz, man

Top Quizzes Today


Score Distribution

Your Account Isn't Verified!

In order to create a playlist on Sporcle, you need to verify the email address you used during registration. Go to your Sporcle Settings to finish the process.

Report this User

Report this user for behavior that violates our Community Guidelines.

Details: